| 000 | 00867nam a2200229 a 4500 | ||
|---|---|---|---|
| 001 | 000026906 | ||
| 005 | 20240408175713.0 | ||
| 008 | 110328s1981 dr 000 0 spa d | ||
| 040 |
_aDO-SdBNP _bspa _cBNPHU |
||
| 082 |
_a972.93697 _bC744c |
||
| 100 | 1 |
_aConcepción, Mario _92178 |
|
| 245 | 1 | 3 |
_aLa Concepción de la Vega : _brelación histórica / _cMario Concepción. |
| 260 |
_aSanto Domingo : _bTaller, _c1981. |
||
| 300 |
_a279 p. ; _c24 cm. |
||
| 490 | 1 |
_aSociedad dominicana de geografía _v16 |
|
| 504 | _aBibliografía: p. 231-238 | ||
| 651 | 0 |
_a Concepción de la Vega (Republica Dominicana ) _92180 |
|
| 651 | 4 |
_aLa Vega (República Dominicana{Rpara} _xVida Social Y Costumbres _98244 |
|
| 650 | 4 |
_aCiudades y pueblos _xRepública dominicana _91095 |
|
| 830 | 0 |
_aSociedad dominicana de geografía _v16 _931910 |
|
| 910 | _aValidado. Control de calidad BNPHU | ||
| 999 |
_c26398 _d26398 |
||